000 00499nam a2200157 a 4500
005 20260112063240.0
039 _a201406131713
_bstaff
_y 200908220317
_z staff
082 _a658.15
_bWOR
110 _athe world bank
245 _aIndia financing of panchayati raj institutions in world bank financed operations/
260 _awashington :
_bThe World Bank,
_c2005
300 _a65 p. :
_bill;
_c25cm.
991 _aVIRTUA40
991 _aVTLSSORT0030*0080*0820*1100*2450*2600*3000*9992
909 _a1678
999 _c1654
_d1654